00747cam a2200241 a 4500001000800000005001700008008004100025010001700066020002200083020002200105040001800127041000800145080001500153082001900168100000700187101000800194245008500202504003000287906004500317942001200362999001700374952011400391422359920180214033444.0820809s1982 caua b 000 0 eng  a 82010723  a0803918682 (pbk.) a0803918674 (hard) aDLCcDLCdDLC aeng a001.42 JAM00a001.42 JAM2191 a28 aSHK10aCausal analysis :cby Lawrence R. James, Stanley A. Mulaik, and Jeanne M. Brett. aBibliography: p. 169-175. a7bcbccorignewd1eocipf19gy-gencatlg 2ddccBK c42447d42447 00102udc40708PËKGa002b002cPËKGd2018-02-14l0o001.42 JAMp002-2998219r2018-02-14w2018-02-14yBK